000 00576nam a2200241Ia 4500
003 OSt
005 20220924133136.0
006 a|||||r|||| 00| 0
007 ta
008 220923b |||||||| |||| 00| 0 urd d
020 _c8.00
024 _a258188
037 _cTextual
040 _aARTS
_cARTS
_burd
041 _2urd
_aurd
082 _aO168,1wM75, J9
100 _aA Wahid
_9205735
245 2 _aShora e urdu
260 _c1959
650 _aURDU LITERATURE
942 _hO168,1wM75, J9
_cTEXL
_2CC
999 _c432744
_d432744